000 00597nam a22002537a 4500
003 UA-OsUOA
001 28374
007 ta
008 20050321b un ||||| |||| 00| 0 ukr d
100 _aГриненко А. В.
090 _a343.13
_bУ26
942 _cBK
040 _aUA-OsUOA
_brus
_cUA-OsUOA
_dUA-OsUOA
245 _aУголовный процесс
_bучеб. для вузов
300 _a480 с.
955 _a2
041 _arus
080 _a343.13
020 _a5-89123-828-4
260 _aМ.
_bНОРМА
_c2004
044 _aRU
650 7 _2UDC
999 _c314741
_d314741